000 00399nam a22001337a 4500
082 _a796.355
_bRUL
_cL-32, P-46
100 _aCowlishaw, MG
_945949
245 _aRules of the game of hockey with note on the rules suggestions to umpires.
260 _aEngland
_bWhite rose lane
_c1967
300 _a65 p.
_bill.
526 _a0
_b0
_c0
_d796_355000000000000_RUL
650 _aMCE
_9379
942 _2ddc
_cBK
999 _c549337
_d549337